Tratado de fisiología médica

Kaydedildi:
Detaylı Bibliyografya
Asıl Yazarlar: Guyton, Arthur Clifton (Yazar), Hall, John E (Yazar)
Materyal Türü: Kitap
Dil:İspanyolca
Baskı/Yayın Bilgisi: Barcelona, España Elsevier España 2011
Edisyon:Decimosegunda edición
Konular:
Online Erişim:Disponible Online
Etiketler: Etiketle
Etiket eklenmemiş, İlk siz ekleyin!

MARC

LEADER 00000cam a2200000 a 4500
001 UCF9258
003 CL-VaPUC
005 20241220144944.0
008 131111e20110000sp |||||||||||||||||spa|d
999 |c 353731  |d 353729 
020 |a 9788480868198 
040 |c Pontificia Universidad Católica de Valparaíso 
082 0 4 |a 612 GUY 2011  |2 21 
100 |a Guyton, Arthur Clifton  |e author  |9 571525 
245 1 0 |a Tratado de fisiología médica 
250 |a Decimosegunda edición  
260 |a Barcelona, España   |b Elsevier España  |c 2011 
300 |a 1092 páginas  
583 |a last modification  |c 20131111 15:03:00  |k Rodrigo Vera 
650 0 |a Fisiología humana   |x Cuerpo humano  |9 269557 
650 0 |a Anatomía  |2 CL-VaPUC  |9 335883 
650 0 |a Citología  |x Biología molecular  |9 343795 
650 0 |a Electrofisiología   |9 536563 
700 |a Hall, John E  |e author  |9 596380 
856 |u http://bibliografiadigital.pucv.cl.pucv.idm.oclc.org/index.php/bibliotecapucv/catalog/book/543  |y Disponible Online  
942 |c BK  |2 ddc 
945 |d 20131111 15:03:00  |a cmena 
952 |0 0  |1 0  |3 erd  |4 0  |6 612_000000000000000_GUY_2011  |7 0  |8 A  |9 459100  |a BIBCUR  |b BIBCUR  |d 2019-11-23  |i 501560K  |l 24  |m 15  |o 612 GUY 2011  |p 501560K  |q 2025-05-16  |r 2025-05-09  |s 2025-05-09  |w 2019-11-23  |y BK  |z Catalogado en:20131111  |k KIN